书目信息 |
| 题名: |
新总理中曾根康弘
|
|
| 作者: | 岩见隆夫 著 ;伍兴文 译 ;周刊图书特别采访组 著 | |
| 分册: | ||
| 出版信息: | 北京 世界知识出版社 1983 |
|
| 页数: | 158页 | |
| 开本: | 19cm | |
| 丛书名: | ||
| 单 册: | ||
| 中图分类: | D731.30 | |
| 科图分类: | ||
| 主题词: | 政治--概况--日本 | |
| 电子资源: | ||
| ISBN: | ||
| 000 | 00793nam0 2200253 45 | |
| 001 | 0183012227 | |
| 005 | 20050623151849.2 | |
| 010 | @dCNY0.51 | |
| 091 | @a13003.1666 | |
| 100 | @a19950726d1983 em y0chiy0121 ea | |
| 101 | 1 | @achi@cjpn |
| 102 | @aCN@b110000 | |
| 105 | @ay z 000yd | |
| 200 | 10 | @a新总理中曾根康弘@Axin zong li zhong zeng gen kang hong@f(日)周刊图书特别采访组,岩见隆夫著@F(Ri)Zhou Kan Tu Shu Te Bie Cai Fang Zu,Yan Jian Long Fu Zhu@g伍兴文译 |
| 210 | @a北京@c世界知识出版社@d1983 | |
| 215 | @a158页@d19cm | |
| 606 | 0 | @a政治@x概况@y日本 |
| 690 | @aD731.30@v3 | |
| 701 | 0 | @a岩见隆夫@4著 |
| 702 | 0 | @a伍兴文@AWu Xing Wen@4译 |
| 711 | 02 | @a周刊图书特别采访组@4著 |
| 801 | 0 | @aCN@b上海图书馆@c20050425 |
| 801 | 2 | @aCN@bNLC@c20050425 |
| 905 | @dD731.30@e54@f1@b96610 | |
| 新总理中曾根康弘/(日)周刊图书特别采访组,岩见隆夫著/伍兴文译.-北京:世界知识出版社,1983 |
| 158页;19cm |
| ISBN :CNY0.51 |
| ● |
| 相关链接 |
|
|
|
|
正题名:新总理中曾根康弘
索取号:D731.30/54
 
预约/预借
| 序号 | 登录号 | 条形码 | 馆藏地/架位号 | 状态 | 备注 |
| 1 | 0096608 | 001014896 | 密集书库/ [索取号:D731.30/54] | 在馆 | |
| 2 | 0096609 | 001014903 | 第一借阅区/ [索取号:D731.30/54] | 在馆 | |
| 3 | 0096610 | 001014912 | 第一样本阅览室/ [索取号:D731.30/54] | 在馆 |